El solitario /

Décimo cuarto largometraje y cuarto del año 1963 realizado por el cineasta potosino Arturo Martínez (1919-1992), a partir de un guión del veterano Raúl de Anda "El Charro Negro" (1908-1997), con Raúl de Anda hijo como productor y Rodolfo de Anda en el papel protagonista de un justiciero mexicano del...

詳細記述

保存先:
書誌詳細
第一著者: Martínez, Arturo (realización)
その他の著者: Mariscal, Alberto (realización) (realización), Anda, Raúl de (guión) (guión), Alvarez G., Fernando (fotógrafo) (fotógrafo), Landeros, Federico (montaje) (montaje), Cabiati, Enrico (música) (música), Anda, Rodolfo de (actuación) (actuación), Rodríguez, Dagoberto (actuación) (actuación), Cano, Fanny (actuación) (actuación)
フォーマット: スライド
言語:スペイン語
出版事項: México : Estudios América : Radeant Films, 1963
シリーズ:(Tesoros del Cine Mexicano ; 4)
主題:
タグ: タグ追加
タグなし, このレコードへの初めてのタグを付けませんか!

MARC

LEADER 00000ngm^a2200000^a^4500
001 000186989
005 20250521000000.0
009 20260310102244.127
037 |a Acervo ITESO - Biblioteca 
041 |a ESP 
082 |a 860.  |b MAR V. 1 
100 |a Martínez, Arturo  |e (realización) 
240 1 1 |a [Billy The Kid] 
245 1 3 |a El solitario /  |c Realización de A. Martínez, A. Mariscal. 
264 1 |a México :  |b Estudios América :  |b Radeant Films,  |c 1963 
264 2 |a México :  |b Séptimo Arte [distribución],  |c 2005, c2005 
300 |a 1 DVD región 4  |c (88 min.) 
336 |a imagen móvil bidimensional  |b tdi  |2 rdacontenido 
337 |a video  |b v  |2 rdamedio 
338 |a videodisco  |b vd  |2 rdasoporte 
440 1 |a (Tesoros del Cine Mexicano ;  |v 4) 
520 |a Décimo cuarto largometraje y cuarto del año 1963 realizado por el cineasta potosino Arturo Martínez (1919-1992), a partir de un guión del veterano Raúl de Anda "El Charro Negro" (1908-1997), con Raúl de Anda hijo como productor y Rodolfo de Anda en el papel protagonista de un justiciero mexicano del siglo XIX inspirado en el célebre bandido estadounidense Billy The Kid (1860-1881). La versión mexicana del héroe se torna protector de una pareja de viejos, a quienes nadie quiere en el pueblo donde se desarrolla la acción debido a que el anciano luchó al lado del general Santana, misión que le llevará a enamorarse de una joven y enfrentarse al hermano mayor de ésta. El mismo equipo de cineastas filmaría al mismo tiempo la continuación de las andanzas del protagonista en Duelo en el desierto (1963). Para ese momento, el entonces sólo actor Rodolfo de Anda ya había relevado a su padre con la saga de cuatro películas de El hijo del Charro Negro (1960-1962), también realizadas por Martínez, y se aprestaba a protagonizar la primera de las siete películas que integraron la serie de El texano (1963-1970), seis de ellas realizadas por Alfredo B. Crevenna (1914-1996) y la última por René Cardona padre (1905-1988), con De Anda alternándose el papel principal con su colega Rogelio Guerra. Rodolfo de Anda incursionó finalmente en la realización fílmica con la película Indio (1971). 
649 |a XX 
650 |a Westerns 
650 |a Cine Mexicano -  |y 1960-1969 
650 |a Cine Mexicano -  |y Siglo XX 
650 |a Cine en Blanco y Negro -  |z México 
600 |a Billy The Kid 
700 |a Mariscal, Alberto  |e (realización) 
700 |a Anda, Raúl de  |e (guión) 
700 |a Alvarez G., Fernando  |e (fotógrafo) 
700 |a Landeros, Federico  |e (montaje) 
700 |a Cabiati, Enrico  |e (música) 
700 |a Anda, Rodolfo de  |e (actuación) 
700 |a Rodríguez, Dagoberto  |e (actuación) 
700 |a Cano, Fanny  |e (actuación) 
910 |a Fondo General 
920 |a Audiovisuales - DVDs 
940 |a Películas 
905 |a 302 
901 |a 0500088727  |b IT2  |c DVS  |u 20250521 
902 |a https://opac.biblio.iteso.mx/vufind/Record/000186989